Регионална библиотека "Любен Каравелов" - Русе

Управление на инвестиционни проекти (Запис номер 99328)

MARC детайли
000 -Лидер
Контролно поле с фиксирана дължина 02080nam a2200397 c 4500
003 - Код на организацията, давaща контролен номер
Контролно поле BLK
005 - Дата и час на последна редакция
Контролно поле 20180422105245.0
008 - Елементи от данни с фиксирана дължина
fixed length control field 180409b bul|||||r ||||||| ||bul||
010 ## - Наследен системен номер
LC control number KNG00104331000
020 ## - Международен стандартен номер на книга ISBN
Международен стандартен номер на книга ISBN 954-712-172-3
-- издат.: Русенски унив. А. Кънчев
040 ## - Източник на каталожния запис
Идентификатор на билиотеката - собственик на записа BLK
041 ## - Код за език
Код за езика на текст/звукозапис или на отделно заглавие Български
Код за езика КДБФ Български
080 ## - УДК
Текстов определител УДК Капиталовложения. Образуване на капитала. Инвестиции
УДК код - определител по УДК 330.322
УДК определител (075.8)
УДК - код + определител 330.322(075.8)
080 ## - УДК
Текстов определител УДК Вземане на решения. План. Спецификация
УДК код - определител по УДК 005.53
УДК определител (075.8)
УДК - код + определител 005.53(075.8)
100 1# - Редна дума - Автор
Автор Папазов, Кръстю Игнатов
Авторска отговорност първи автор
R(LIN) 268827
139 ## - Редно поле
Редна дума Папазов, Кръстю Игнатов и др.
Авторски знак Пап - П 21
245 10 - Сведения за заглавието
Заглавие Управление на инвестиционни проекти
Редно поле (дума) Кръстю Игнатов Папазов; съавт. Емил Кръстев Папазов; съавт. Даниел Йорданов Павлов.
257 ## - Страна на издаване
Страна на създаване/издаване България
260 ## - Област на издателските данни
-- Русе
Име на издателя, разпространителя и проч. Русенски унив. А. Кънчев
Година на издаване 2002
Печатница Русе : РУ "А. Кънчев"
300 ## - Физическа характеристика
Страници 122 с.
Илюстрации и др. с табл.
Размери/Мащаб 20 см
380 ## - Жанр
Жанр Обществени науки
500 ## - Общи забележки
Забележка Съдържа и Таблица на дисконтните коефиценти ; Въпросник. - Библиогр. след отд. части. - По Програма Tempus IB JEP 14350 "Regional Non-Governmental Organisations Institution Building".
650 #4 - Допълнително описание по предмет – тема
Основно описание – тема или топоним Инвестиции - организация и управление
9 (RLIN) 252797
650 #4 - Допълнително описание по предмет – тема
Основно описание – тема или топоним Проекти - управление и организация
9 (RLIN) 277666
653 ## - Ключова дума – ненормативна
Ключова дума проекти
653 ## - Ключова дума – ненормативна
Ключова дума инвестиции
653 ## - Ключова дума – ненормативна
Ключова дума ценни книжа
653 ## - Ключова дума – ненормативна
Ключова дума инвестиционен фонд
700 1# - Други автори (авторска отговорност)
Лично име Папазов, Емил Кръстев
Автороска отговорност (Описва отношението между автора и произведението) съавт.
9 (RLIN) 372564
700 1# - Други автори (авторска отговорност)
Лично име Павлов, Даниел Йорданов
Автороска отговорност (Описва отношението между автора и произведението) съавт.
9 (RLIN) 307996
852 ## - Местоположение
Форматна сигнатура Цб 213173
856 4# - Електронен адрес и достъп
Електронен формат pdf - файл
Път до файла /url/
856 4# - Електронен адрес и достъп
Електронен формат pdf - файл
Път до файла /url/
942 ## - АРТИКУЛИ
Вид на библиотечния материал Книги
Скрит в OPAC Не
944 ## - СЪЗДАВАНЕ И РЕДАКЦИЯ на ЗАПИСА
Създаване/Редакция Създаване
Дата на регистрацията/редакция 01.01.2002
Служител, извършил регистрацията/редакцията Кети_Илиева
944 ## - СЪЗДАВАНЕ И РЕДАКЦИЯ на ЗАПИСА
Създаване/Редакция Редакция
Дата на регистрацията/редакция 14.11.2012
Служител, извършил регистрацията/редакцията
999 ## - СИСТЕМНИ КОНТРОЛНИ НОМЕРА
Koha biblionumber 99328
Koha biblioitemnumber 99328
Наличности
Код за отписване Код за изгубен артикул Код за повреда Коз за рестрикции Код за отдаване Артикулен № Име на библиотеката - собственик Име на библиотеката, в която се намира в момента Статус (Текущо местоположение) Дата на вписване в системата Местоположение - отдел Цена в лева Инвентарен номер Систематично азбучна сигнатура Баркод Номер на екземпляра Цена в евро Служебна бележка Служебен тип на артикула Източник на класификационната схема
  Не е изгубен Не е повреден без рестрикции ползва се в читалня 160003 Регионална библиотека "Любен Каравелов" Русе Регионална библиотека "Любен Каравелов" Русе Хранилище 2002-11-26 Основен фонд - ползва се само за читалня 6.00 120000673394 Цб 213173 120000673394 1 3.07 Дост: Pk Вид: Ф N: 102 Дата: 25.11.2002 Книги  
  Не е изгубен Не е повреден без рестрикции ползва се в читалня 160004 Регионална библиотека "Любен Каравелов" Русе Регионална библиотека "Любен Каравелов" Русе Читалня 2002-11-26 Читалня 6.00 120000673395 Ч 330/П 21 120000673395 2 3.07 Дост: Pk Вид: Ф N: 102 Дата: 25.11.2002 Дата инв: 22.03.2017 Бележки инв: Ч2017 Книги  
  Не е изгубен Не е повреден без рестрикции заемане за дома 160005 Регионална библиотека "Любен Каравелов" Русе Регионална библиотека "Любен Каравелов" Русе Заемна - подръчен фонд 2002-11-26 Заемна - подръчен фонд 6.00 120000673396 П 330/П 21 120000673396 3 3.07 Дост: Pk Вид: Ф N: 102 Дата: 25.11.2002 Дата инв: 05.02.2018 Бележки инв: П2018 Книги  
  Не е изгубен Не е повреден без рестрикции заемане за дома 160006 Регионална библиотека "Любен Каравелов" Русе Регионална библиотека "Любен Каравелов" Русе Заемна - подръчен фонд 2002-11-26 Заемна - подръчен фонд 6.00 120000673397 П 330/П 21 120000673397 4 3.07 Дост: Pk Вид: Ф N: 102 Дата: 25.11.2002 Дата инв: 05.02.2018 Бележки инв: П2018 Книги  
Изтеглен Не е изгубен Не е повреден без рестрикции заемане за дома 160007 Регионална библиотека "Любен Каравелов" Русе Регионална библиотека "Любен Каравелов" Русе Заемна - подръчен фонд 2004-11-17 Заемна - подръчен фонд 6.00 120000690109 П 330/П 21 120000690109 5 3.07 Дост: DA Вид: А N: 27 Дата: 17.11.2004 Дата инв: 05.02.2018 Бележки инв: П2018 Книги Universal Decimal Classification
  Не е изгубен Не е повреден без рестрикции заемане за дома 160008 Регионална библиотека "Любен Каравелов" Русе Регионална библиотека "Любен Каравелов" Русе Заемна - подръчен фонд 2004-11-17 Заемна - подръчен фонд 6.00 120000690110 П 330/П 21 120000690110 6 3.07 Дост: DA Вид: А N: 27 Дата: 17.11.2004 Дата инв: 05.02.2018 Бележки инв: П2018 Книги  
Изтеглен Не е изгубен Не е повреден без рестрикции заемане за дома 160009 Регионална библиотека "Любен Каравелов" Русе Регионална библиотека "Любен Каравелов" Русе Заемна - подръчен фонд 2004-11-17 Заемна - подръчен фонд 6.00 120000690111 П 330/П 21 120000690111 7 3.07 Дост: DA Вид: А N: 27 Дата: 17.11.2004 Дата инв: 05.02.2018 Бележки инв: П2018 Книги Universal Decimal Classification
Vip Innovations Ltd, Rousse, Bulgaria 2025